Freguesias de Carrazeda de Ansiães - Statistics

Estatísticas Gerais
  • Esse quiz foi jogado 4 vezes
  • A pontuação média é 9 de 19
Estatísticas das Respostas
Número Freguesias % Correto
10 Mogo de Malta
100%
13 Pinhal do Norte
100%
1 Amedo
67%
4 Carrazeda de Ansiães
67%
5 Castanheiro do Norte
67%
7 Lavandeira
67%
8 Linhares
67%
17 Selores
67%
18 Vilarinho da Castanheira
67%
19 Zedes
67%
3 Belver
33%
6 Fonte Longa
33%
9 Marzagão
33%
12 Pereiros
33%
14 Pombal
33%
16 Seixo de Ansiães
33%
2 Beira Grande
0%
11 Parambos
0%
15 Ribalonga
0%
Nenhum quiz correspondente encontrado
Distribuição das Pontuações
Porcentagem de Pessoas com Cada Pontuação
Percentil de Números Respondidos
Sua Pontuação Histórica
Você não jogou esse quiz